00334nam a2200133Ia 4500008004100000041000800041082001800049100001600067245003000083250000700113260003900120300003000159365001100189240624s9999 xx 000 0 und d aeng a355.00958 SAN aSANTHANAM K aEURASIAN SECURITY MATTERS a11 c2010aNew DelhibAllied Publishers axx, : 159 : p. : cm. ; 24 cRSb40